Znani ludzie według inicjałów - imiona na "L" - Statystyki

Ogólne statystyki
  • Ten quiz został rozwiązany 226 razy
  • Średni wynik to 10 z 22
Statystyki odpowiedzi
Inicjały Kim jest ta osoba? Odpowiedź % Poprawnych
LK Polski polityk, prezydent RP w latach 2005-2010, zmarły w katastrofie smoleńskiej Lech Kaczyński
94%
LM Argentyński piłkarz, sześciokrotny zdobywca Złotej Piłki, najlepszy strzelec w historii FC Barcelony Lionel Messi
90%
LD Amerykański aktor, znany z ról Jacka w "Titanicu" czy Franka Abagnale'a Jr. w "Złap mnie, jeśli potrafisz" Leonardo DiCaprio
87%
LH Angielski kierowca wyścigowy, sześciokrotny mistrz Formuły 1 Lewis Hamilton
72%
LB Niemiecki kompozytor, jeden z klasyków wiedeńskich, autor 9 symfonii Ludwig van Beethoven
67%
LA Amerykański kolarz, siedmiokrotny zwycięzca Tour de France (tytuły zostały mu odebrane po aferze dopingowej) Lance Armstrong
63%
LJ Amerykański koszykarz, trzykrotny mistrz NBA, czterokrotny MVP ligi LeBron James
56%
LC Kanadyjski muzyk, znany z piosenek takich jak "Hallelujah" czy "In My Secret Life" Leonard Cohen
52%
LP Francuski biolog, twórca pierwszej w historii szczepionki Louis Pasteur
47%
LI Włoski piłkarz, zawodnik SSC Napoli Lorenzo Insigne
44%
LR Amerykański piosenkarz, znany z piosenek takich jak "Hello" czy "Say You Say Me" Lionel Richie
39%
LZ Polski lingwista, twórca języka esperanto Ludwik Zamenhof
37%
LS Brazylijski trener piłki nożnej, poprowadził Brazylię do Mistrzostwa Świata w 2002 r. i Portugalię do wicemistrzostwa Europy w 2004 r. Luiz Felipe Scolari
35%
LO Polski wojskowy, ostatni dowódca Armii Krajowej, znany pod pseudonimem "Niedźwiadek" Leopold Okulicki
33%
LV Amerykańska narciarka alpejska, trzykrotna mistrzyni olimpijska Lindsey Vonn
31%
LN Północnoirlandzki aktor, znany z głównej roli w "Liście Schindlera" czy Bryana Millsa w "Uprowadzonej" Liam Neeson
28%
LL Polski aktor, znany z ról Grzegorza Zięby w "Na Wspólnej" czy Marka Dębskiego w "Prawie Agaty" Leszek Lichota
27%
LT Angielski muzyk, członek zespołu One Direction, prowadzi także karierę solową Louis Tomlinson
19%
LG Angielski muzyk, wokalista zespołu Oasis, później solista Liam Gallagher
18%
LF Amerykański aktor, znany z roli Morfeusza w "Matriksie" czy Perry'ego White'a w "Człowieku ze stali" Laurence Fishburne
16%
LU Duński muzyk, założyciel i perkusista zespołu Metallica Lars Ulrich
14%
LE Szwajcarski matematyk i fizyk, twórca rachunku różniczkowego i wynalazca liczby e Leonhard Euler
12%
Nie znaleziono quizów pasujących do podanych kryteriów
Rozkład punktacji
Procent ludzi z każdym wynikiem
Percentyl według liczby udzielonych odpowiedzi
Twoja historia wyników
Nie rozwiązałeś tego quizu